000 00864nab a2200241 u 4500
001 17902
003 HDC
007 cr bn ---aaaaa
008 210225c20080504xx dr|noo 0 a may d
040 _aHDC
100 _aMohd Asri Zainul Abidin,
_cDr.
_eauthor
_916998
245 0 _aMINDA MUFTI: Mengapakah dunia dipenuhi yang haram? / Oleh
_cDr. Mohd Asri Zainul Abidin
260 _a[No place] :
_b[publisher not identified],
_c2008
336 _atext
_2rdacontent
337 _acomputer
_2rdamedia
338 _aonline resource
_2rdacarrier
650 _aenvironmental pollution
_917061
650 _aHalal and haram
_92561
856 _zRequest full-text at [email protected]
942 _2lcc
942 _cNEWS
942 _kNWSO 005991
999 _c15218
_d15218